000 00389cam a2200157ua 4500
003 OSt
008 250610b |||||||| |||| 00| 0 eng d
041 _aeng
082 _a624.171
_bGRA/EL
100 _aGrassie, James C .
_97544
245 _aElementary theory of structures /
250 _a1 /
260 _aLondon :
_bLongman Green and Co ,
_c1961.
300 _a392 ; .
942 _cBK
999 _c8810
_d8810